Detalles MARC
| 000 -CABECERA |
| campo de control de longitud fija |
01866nam a22003377a 4500 |
| 003 - IDENTIFICADOR DEL NÚMERO DE CONTROL |
| campo de control |
DO-SdBNP |
| 005 - FECHA Y HORA DE LA ÚLTIMA TRANSACCIÓN |
| campo de control |
20230224125157.0 |
| 007 - CAMPO FIJO DE DESCRIPCIÓN FÍSICA--INFORMACIÓN GENERAL |
| campo de control de longitud fija |
ta |
| 008 - DATOS DE LONGITUD FIJA--INFORMACIÓN GENERAL |
| campo de control de longitud fija |
110301s2021 dr acdo 001 0 spa d |
| 020 ## - NÚMERO INTERNACIONAL ESTÁNDAR DEL LIBRO |
| Número Internacional Estándar del Libro |
9780916101107 |
| 040 ## - FUENTE DE LA CATALOGACIÓN |
| Centro catalogador/agencia de origen |
DO-SdBNP |
| Lengua de catalogación |
spa |
| Centro/agencia transcriptor |
BNPHU |
| 082 #4 - NÚMERO DE LA CLASIFICACIÓN DECIMAL DEWEY |
| Número de clasificación |
972.93000451 |
| Número de documento/Ítem |
I88L |
| Número de edición |
22 |
| 245 04 - MENCIÓN DE TÍTULO |
| Título |
The italian legacy in the Dominican Republic : |
| Resto del título |
history, architecture, economics, society / |
| Mención de responsabilidad, etc. |
edición Andrea Canepari ; prefacio Luis Abinader, Josep F. Chorpenning ; coordinación textos en español José Chez Checo ; traducción David Auerbach |
| 260 ## - PUBLICACIÓN, DISTRIBUCIÓN, ETC. |
| Lugar de publicación, distribución, etc. |
Philadelphia, Estados Unidos : |
| Nombre del editor, distribuidor, etc. |
Saint Josephs University, |
| Fecha de publicación, distribución, etc. |
2021. |
| 300 ## - DESCRIPCIÓN FÍSICA |
| Extensión |
536 p. : |
| Otras características físicas |
il., fots., grafcs, mapas, rets., |
| Dimensiones |
30 cm. |
| 500 ## - NOTA GENERAL |
| Nota general |
Incluye referencias bibliográficas y notas al pie d las páginas |
| 500 ## - NOTA GENERAL |
| Nota general |
Incluye bibliografía al final de los capítulos |
| 505 2# - NOTA DE CONTENIDO CON FORMATO |
| Título |
Foreword -- |
| -- |
Preface -- |
| -- |
Acknowledgments -- |
| -- |
Introduction -- |
| Información miscelánea |
History -- |
| Título |
General subjects -- |
| -- |
Columbus and the sixteenth century -- |
| -- |
Ecclesiastical history -- |
| -- |
Political history -- |
| Información miscelánea |
Architecture -- |
| Título |
Colonial architecture -- |
| -- |
Modern architecture -- |
| Información miscelánea |
Literature and the arts -- |
| -- |
Economics and sciencie -- |
| -- |
Journalism, law and society -- |
| Título |
The authors -- |
| -- |
Indexes of names and places -- |
| 590 ## - NOTA LOCAL (RLIN) |
| Nota local |
Inventariado, 2022/ YL |
| 650 #4 - PUNTO DE ACCESO ADICIONAL DE MATERIA--TÉRMINO DE MATERIA |
| Término de materia o nombre geográfico como elemento de entrada |
Italianos en República Dominicana |
| 9 (RLIN) |
82904 |
| Subdivisión general |
Historia |
| 650 #4 - PUNTO DE ACCESO ADICIONAL DE MATERIA--TÉRMINO DE MATERIA |
| 9 (RLIN) |
82905 |
| Término de materia o nombre geográfico como elemento de entrada |
Arquitectura italiana |
| Subdivisión geográfica |
República Dominicana |
| 650 #4 - PUNTO DE ACCESO ADICIONAL DE MATERIA--TÉRMINO DE MATERIA |
| Término de materia o nombre geográfico como elemento de entrada |
Cultura italiana |
| Subdivisión geográfica |
República Dominicana |
| 9 (RLIN) |
82946 |
| 651 #4 - PUNTO DE ACCESO ADICIONAL DE MATERIA--NOMBRE GEOGRÁFICO |
| Nombre geográfico |
República Dominicana |
| Subdivisión general |
Civilización |
| -- |
Influencia italiana |
| 9 (RLIN) |
82947 |
| 700 12 - PUNTO DE ACCESO ADICIONAL--NOMBRE DE PERSONA |
| Nombre de persona |
Canepari, Andrea |
| Término indicativo de función/relación |
ed. |
| 9 (RLIN) |
73802 |
| 700 1# - PUNTO DE ACCESO ADICIONAL--NOMBRE DE PERSONA |
| Nombre de persona |
Abinader, Luis |
| Término indicativo de función/relación |
pref. |
| 9 (RLIN) |
82907 |
| 700 1# - PUNTO DE ACCESO ADICIONAL--NOMBRE DE PERSONA |
| Nombre de persona |
Chorpenning, Joseph F. |
| 9 (RLIN) |
1591 |
| 700 1# - PUNTO DE ACCESO ADICIONAL--NOMBRE DE PERSONA |
| Nombre de persona |
Chez Checo, José |
| 9 (RLIN) |
82908 |
| 700 1# - PUNTO DE ACCESO ADICIONAL--NOMBRE DE PERSONA |
| Nombre de persona |
Auerbach, David |
| Término indicativo de función/relación |
tr. |
| 9 (RLIN) |
82909 |
| 910 ## - DATOS DE OPCIÓN DEL USUARIO (OCLC) |
| Datos de opción del usuario |
YLockward/Validado. Control de calidad MFF |
| 942 ## - ELEMENTOS DE PUNTO DE ACCESO ADICIONAL (KOHA) |
| Fuente del sistema de clasificación o colocación |
Dewey Decimal Classification |
| Tipo de ítem Koha |
Libro |